000 01003nam a22002417a 4500
999 _c17744
_d17744
003 AR-CdUCM
008 190509b ||||| |||| 00| 0 spa d
040 _aMUNICIPALIDAD PROVINCIAL DEL CUSCO
_cBIBLIOTECA MUNICIPAL DEL CUSCO
082 _a985 /
_bF59
100 _aFloiran, Mario
_937904
245 _aLos primeros peruanos /
260 _aLima :
_bMinisterio de Educación Pública,
_c1961.
300 _a46 paginas ;
_bIlustraciones,
_c25 cm.
440 _aBiblioteca Básica Peruana.
_937905
500 _aDespués del título Los frutos del saber son para el hombre.
_av.1: Colección Historia y Leyenda.
505 _aContenido : v.1: América y el hombre -- El perro y el fuego -- Una Gea con fruto y con espinas -- Puerta secreta -- Civilización y civilizaciones Peruanos ...
650 _aPerú
_935
650 _aPrimero peruanos
_937906
650 _aHistoria
_9136
710 _aMinisterio de Educación Pública - Perú
_937907
942 _2ddc
_cLIBROS
945 _awnts
_d2019-05-09